Catálogo

Vista normal Vista MARC

Entrada Personal Name

Número de registros utilizados en: 4

001 - CONTROL NUMBER

  • control field: 16340

003 - CONTROL NUMBER IDENTIFIER

  • control field: DLC

005 - DATE AND TIME OF LATEST TRANSACTION

  • control field: 20241018085055.0

008 - FIXED-LENGTH DATA ELEMENTS

  • fixed length control field: 820427n| acannaabn |a aaa

010 ## - LIBRARY OF CONGRESS CONTROL NUMBER

  • LC control number: n 82040066

035 ## - SYSTEM CONTROL NUMBER

  • System control number: (OCoLC)oca00737098

040 ## - CATALOGING SOURCE

  • Original cataloging agency: DLC
  • Language of cataloging: spa
  • Transcribing agency: Mx-PuUPA
  • Modifying agency: OCoLC
  • Modifying agency: Mx-PuUPA
  • Description conventions: rda

100 1# - HEADING--PERSONAL NAME

  • Personal name: Trueba, Alfonso,

374 ## - OCCUPATION

  • Occupation: Autor

375 ## - GENDER

  • Gender: hombre

377 ## - ASSOCIATED LANGUAGE

  • Language code: spa

400 1# - SEE FROM TRACING--PERSONAL NAME

  • Control subfield: nna
  • Personal name: Trueba Olivares, Alfonso

400 1# - SEE FROM TRACING--PERSONAL NAME

  • Personal name: Olivares, Alfonso Trueba

670 ## - SOURCE DATA FOUND

  • Source citation: His Defensa de los jueces, 1960.